000 00647nam a2200265Ia 4500
005 20260306163906.0
008 008 260114s9999 xx 000 0 eng d
020 _a9780748653331
037 _aEBOOK
040 _aCRL
040 _beng
040 _cCRL
041 _2eng
041 _aeng
084 _qCRL
100 _aSmout, Macdonald
_91129576
245 2 _aA History Of The Native Woodlands Of Scotland, 1500-1920
260 _bEdinburgh University Press
260 _c2012
650 _aSocial Work
856 _uhttps://academic.oup.com/book/28921
942 _cEBOOK
999 _c1711913
_d1711913